00621naa a2200217 a 450000100080000000500110000800800410001910000200006024501020008026000060018265300250018865300090021365300130022265300140023565300120024970000200026170000160028170000190029770000220031677300650033811076222001-08-06 bl uuuu u00u1 u #d1 aCAMPOS, J.P. de aMetodos de producao de mudas e populacao na cultura do repolho (Brassica oleracea Var. Capitata). c0 aDENSIDADE DE PLANTIO aMUDA aPRODUCAO aQUALIDADE aREPOLHO1 aARISMENDI, L.G.1 aCONDE, A.R.1 aCASALI, V.W.D.1 aRODRIGUES, J.J.V. tRevista de Olericultura, Campinas, SPgv.17, p.214-226, 1979